1529 1038 1386 1381 1683 1116 1390 1654 1203 1801 1454 1232 1623 1951 1685 1085 1319 1599 1762 1765 1983 1582 1635 1188 1143 1971 1102 1504 1245 1620 1059 1145 1828 1084 1725 1034 1730 1079 1852 1203 1256 1593 1376 1084 1551 1553 1409 1989 1443 1827 1922 1875 1477 1016 1221 1324 1393 1836 1014 1392 1623 1176 1643 1269 1238 1254 1958 1812 1082 1764 1047 1781 1005 1210 1535 1586 1547 1191 1929 1276 1556 1327 1659 1949 1967 1044 1801 1455 1440 1827 1267 1134 1175 1004 1785 1270 1812 1855 1737 BCNSPRNW ULIB Ver.6.0+V

เปลี่ยนเป็นภาษาไทย

Change to English
 แสดงรายละเอียดบรรณานุกรม
  กลับหน้าหลัก

Brief Record : Get Marc (ISO 2709) : E-mail record : QR code < ปิดหน้าต่าง
LEADER : 00000nam 2200000 a 4500
001    13399114796
003     ULIB
008    120206s2553 th a 000 0 tha d
020    ^a9786167261041
060 04 ^aWA540.JT3^bน297ต
100 0  ^aนวพร เรืองสกุล
245 10 ^aไต้หวัน :^bการประกันสุขภาพและงานจิตอาสา /^cนวพร เรืองสกุล
250    ^aพิมพ์รวมเล่มครั้งที่ 2
260    ^aกรุงเทพฯ :^bสำนักงานหลักประกันสุขภาพแห่งชาติ,^c2553
300    ^a112 หน้า :^bภาพประกอบ ;^c21 ซม.
500    ^aSend to Single Search
650  4 ^aบริการทางการแพทย์^zไต้หวัน
650  4 ^aประกันสุขภาพแห่งชาติ^zไต้หวัน
650  4 ^aประกันสุขภาพ^zไต้หวัน
650  4 ^aอาสาสมัครบริการทางการแพทย์^zไต้หวัน
710 2  ^aสำนักงานหลักประกันสุขภาพแห่งชาติ
945    ^p0^l0^i031779
945    ^p0^l0^i031780
995    ^a เกษร
999 ^a ใช้งานได้ทุกระบบ
รายการนี้ยังไม่มีแท็ก
คุณยังไม่ได้ล็อกอิน คุณสามารถมีกิจกรรมร่วมกับเว็บไซต์ได้ แต่ต้องล็อกอินก่อน ::
  ล็อกอิน

รายการสื่อสารสนเทศ

ลำดับที่ ประเภท เลขเรียก/บาร์โค้ด สถานที่ สถานะ
1. วิทยาศาสตร์การแพทย์ และสุขภาพ
วิทยาศาสตร์การแพทย์ และสุขภาพ
WA540.JT3 น297ต ฉ.2 
  Barcode: 031780
ห้องสมุดวิทยาเขตสวรรค์ประชารักษ์
►ส่วนจัดเก็บหนังสือเก่า สปร
บนชั้น
  ขอยืม

รายการใกล้เคียง
    ผู้แต่ง [นวพร เรืองสกุล]

BibComment


ยังไม่เคยถูกคอมเมนท์

คอมเมนท์ทรัพยากรรายการนี้
  คอมเมนท์: ไต้หวัน การประก..


 Copyright 2026. Bcnsprnw @Library